=LDR 00000nam 2200000 4500 =001 INLIS000000000006449 =005 20130612094603 =008 ***********************************Ind** =035 ##$$0010-061300000006449 =041 ##$$a Ind =082 ##$$a 636.099 =090 ##$$a 636.099, Rek p =100 ##$$a Reksohadiprojo, Sudomo =245 ##$$a Pengembangan peternakan di daerah transmigrasi, Soedomo Reksohadiprodjo =260 ##$$a 1985 $b Yogyakarta =300 ##$$a viii, 153 hlm., Ilus., 21 cm =650 ##$$a Peternakan =850 ##$$a NBPNMAT